[Event "Oebro CXU Nytaar 2023"]
[Site "Copenhagen"]
[Date "2023.12.27"]
[Round "1"]
[Board "1"]
[White "Paludan, Noah"]
[Black "Hector, Jonny"]
[Result "0-1"]
[WhiteElo "1888"]
[BlackElo "2444"]
[PlyCount "76"]
[EventDate "2023.12.27"]
[EventType "swiss"]
[EventRounds "7"]
[EventCountry "DEN"]
[SourceTitle "Live v. Freja Gronnemose"]

1. e4 e5 2. Nf3 Nc6 3. Bc4 Nf6 4. d4 exd4 5. e5 Ng4 
6. O-O Be7 7. Re1 d6 8. exd6 cxd6 9. Bg5 Nge5 10. Bxe7 10... 
Qxe7 11. Nbd2 O-O 12. h3 Be6 13. Bxe6 fxe6 14. Nxe5 Nxe5 15. Nb3 
d3 16. cxd3 Qh4 17. Qe2 Rf6 18. Nd2 Raf8 19. Ne4 Rg6 20. Ng3 
20... Qd4 21. Qe3 Qxd3 22. Rad1 Qxe3 23. Rxe3 Nc4 24. Rb3 b6 25. 
Rc3 d5 26. b3 Nd6 27. Rc7 Rgf6 28. f3 R6f7 29. Rc6 Rd7 30. 
Ne2 30... Rc8 31. Rdc1 Rxc6 32. Rxc6 Kf7 33. Nf4 g5 34. Nd3 Kf6 
35. a4 Nf5 36. f4 gxf4 37. Nxf4 Nd4 38. Rc8 Nxb3 0-1

[Event "Oebro CXU Nytaar 2023"]
[Site "Copenhagen"]
[Date "2023.12.27"]
[Round "1"]
[Board "2"]
[White "Ramsdal, Jens Albert"]
[Black "Nielsen Refs, Karl Emil Elmer"]
[Result "1-0"]
[WhiteElo "2413"]
[BlackElo "1886"]
[PlyCount "61"]
[EventDate "2023.12.27"]
[EventType "swiss"]
[EventRounds "7"]
[EventCountry "DEN"]
[SourceTitle "Live v. Freja Gronnemose"]

1. d4 Nf6 2. c4 e6 3. Nf3 d5 4. Nc3 Be7 5. Bf4 O-O 
6. e3 a6 7. c5 Nh5 8. Bd3 Nc6 9. O-O Nxf4 10. exf4 10... 
b6 11. cxb6 cxb6 12. Rc1 Qd6 13. g3 b5 14. Qc2 Nb4 15. Bxh7+ 
Kh8 16. Qb1 g6 17. Bxg6 fxg6 18. Ne5 Rf6 19. a3 Kg7 20. axb4 
20... Bd7 21. Ne2 Rh8 22. Rc3 Be8 23. Rfc1 Rff8 24. Rc7 Rh6 25. 
Ra7 Rfh8 26. Rcc7 Kf8 27. Rxe7 Qxb4 28. Rxe8+ Kxe8 29. Ra8+ Ke7 30. 
Rxh8 30... Rxh8 31. Nc6+ 1-0

[Event "Oebro CXU Nytaar 2023"]
[Site "Copenhagen"]
[Date "2023.12.27"]
[Round "1"]
[Board "3"]
[White "Petersen, Poul Erik"]
[Black "Borge, Nikolaj"]
[Result "0-1"]
[WhiteElo "1870"]
[BlackElo "2402"]
[PlyCount "54"]
[EventDate "2023.12.27"]
[EventType "swiss"]
[EventRounds "7"]
[EventCountry "DEN"]
[SourceTitle "Live v. Freja Gronnemose"]

1. e4 e5 2. Nf3 Nc6 3. Bb5 a6 4. Ba4 Nf6 5. c3 Nxe4 
6. Qe2 Nf6 7. Bxc6 dxc6 8. Qxe5+ Be6 9. Ng5 Qd5 10. Qxd5 10... 
Bxd5 11. O-O O-O-O 12. b3 h6 13. Nh3 g5 14. f4 g4 15. Nf2 
Bg7 16. d4 Rhe8 17. Nd3 Re2 18. Rf2 Rxf2 19. Kxf2 Be4 20. Ne5 
20... Bxb1 21. Rxb1 Ne4+ 22. Ke1 Nxc3 23. Rb2 Rxd4 24. Bd2 Re4+ 25. 
Kf1 Nd5 26. Rc2 Bxe5 27. fxe5 h5 0-1

[Event "Oebro CXU Nytaar 2023"]
[Site "Copenhagen"]
[Date "2023.12.27"]
[Round "1"]
[Board "4"]
[White "Nielsen, Viktor Haarmark"]
[Black "Hove, Svend Kjems"]
[Result "1-0"]
[WhiteElo "2365"]
[BlackElo "1844"]
[PlyCount "79"]
[EventDate "2023.12.27"]
[EventType "swiss"]
[EventRounds "7"]
[EventCountry "DEN"]
[SourceTitle "Live v. Freja Gronnemose"]

1. Nf3 f5 2. d3 Nf6 3. e4 g6 4. e5 Ng4 5. d4 c5 
6. h3 Nh6 7. d5 Bg7 8. Bc4 O-O 9. O-O Nf7 10. Re1 10... 
Kh8 11. Nc3 Na6 12. Bf4 Qb6 13. Qc1 Qb4 14. Bf1 c4 15. a3 
Qc5 16. Qe3 h6 17. h4 Qxe3 18. Rxe3 b6 19. Bxc4 Bb7 20. e6 
20... Nd6 21. Bxd6 exd6 22. e7 Rfc8 23. Rae1 Nc7 24. Bb5 f4 25. 
Rd3 Ne8 26. Bxd7 Rc7 27. Bc6 Bxc6 28. dxc6 Rxc6 29. Re4 Rc7 30. 
Nb5 30... Rc6 31. Rxf4 Bxb2 32. Rf8+ Kg7 33. Nxd6 g5 34. Nxe8+ Kg6 
35. h5+ Kxh5 36. Ng7+ Bxg7 37. Rxa8 Rxc2 38. e8=Q+ Kg4 39. Qe4+ Kh5 
40. g4# 1-0

[Event "Oebro CXU Nytaar 2023"]
[Site "Copenhagen"]
[Date "2023.12.27"]
[Round "1"]
[Board "5"]
[White "Petersen, Nils"]
[Black "Jacobsen, Mikkel Manosri"]
[Result "0-1"]
[WhiteElo "1830"]
[BlackElo "2322"]
[PlyCount "130"]
[EventDate "2023.12.27"]
[EventType "swiss"]
[EventRounds "7"]
[EventCountry "DEN"]
[SourceTitle "Live v. Freja Gronnemose"]

1. c4 c6 2. g3 d5 3. Nf3 Nf6 4. Bg2 dxc4 5. a4 a5 
6. Na3 Qd5 7. O-O Na6 8. Qc2 Be6 9. Ne1 Qc5 10. d3 10... 
cxd3 11. Nxd3 Qxc2 12. Nxc2 Bf5 13. Bd2 Bxd3 14. exd3 Nc5 15. Ra3 
e6 16. b4 axb4 17. Bxb4 Kd7 18. Rfa1 Na6 19. Bxf8 Rhxf8 20. d4 
20... Ne8 21. a5 Nd6 22. Bf1 Rfb8 23. Rb1 Nc7 24. a6 bxa6 25. 
Rxb8 Rxb8 26. Bxa6 Ndb5 27. Bxb5 cxb5 28. Nb4 Ra8 29. Rb3 Ne8 30. 
f4 30... Nc7 31. h3 Ra1+ 32. Kf2 Rc1 33. Ke3 Kd6 34. Kd2 Rh1 
35. g4 Rh2+ 36. Ke1 f6 37. f5 exf5 38. gxf5 Rg2 39. Rc3 Nd5 
40. Nxd5 40... Kxd5 41. Rc5+ Kxd4 42. Rxb5 Ke4 43. h4 Kf4 44. Kf1 
Rg4 45. Kf2 Rxh4 46. Rb4+ Kg5 47. Rb7 Kh6 48. Kg3 Ra4 49. Rb6 
Kg5 50. Rb7 50... g6 51. Rb5 Ra3+ 52. Kg2 Kg4 53. fxg6 hxg6 54. 
Rb6 Kg5 55. Rb2 f5 56. Kf2 Kg4 57. Rc2 f4 58. Rb2 g5 59. 
Kg2 Rg3+ 60. Kh2 60... Re3 61. Kg2 f3+ 62. Kf1 Kg3 63. Rb5 g4 
64. Rb2 f2 65. Rxf2 Rf3 0-1

[Event "Oebro CXU Nytaar 2023"]
[Site "Copenhagen"]
[Date "2023.12.27"]
[Round "1"]
[Board "6"]
[White "Terryn, Ezra"]
[Black "Moller, Silas Ingemann"]
[Result "1-0"]
[WhiteElo "2217"]
[BlackElo "1809"]
[PlyCount "75"]
[EventDate "2023.12.27"]
[EventType "swiss"]
[EventRounds "7"]
[EventCountry "DEN"]
[SourceTitle "Live v. Freja Gronnemose"]

1. e4 c6 2. Nf3 d5 3. d3 Bg4 4. h3 Bxf3 5. Qxf3 e6 
6. Be2 Nd7 7. O-O Ngf6 8. Nd2 Bd6 9. c3 O-O 10. d4 10... 
dxe4 11. Nxe4 Nxe4 12. Qxe4 Nf6 13. Qf3 Bc7 14. Bg5 Qd6 15. g3 
Bd8 16. Rfe1 Nd5 17. Bd2 Re8 18. Rad1 Nf6 19. Bc4 Rc8 20. Bf4 
20... Qd7 21. Bb3 Nd5 22. Bc1 b5 23. Bc2 Nf6 24. Re5 h6 25. 
a4 Bc7 26. Ree1 Qd5 27. Qd3 a5 28. b3 Bd6 29. c4 bxc4 30. 
bxc4 30... Qh5 31. Kg2 e5 32. dxe5 Bxe5 33. g4 Qh4 34. Be3 Bc7 
35. f4 Rcd8 36. Qxd8 Bxd8 37. Bf2 g5 38. Rxe8+ 1-0

[Event "Oebro CXU Nytaar 2023"]
[Site "Copenhagen"]
[Date "2023.12.27"]
[Round "1"]
[Board "7"]
[White "Falkesgaard, Jeppe Hald"]
[Black "Petersen, Lasse Emil"]
[Result "1-0"]
[WhiteElo "2188"]
[BlackElo "1798"]
[PlyCount "67"]
[EventDate "2023.12.27"]
[EventType "swiss"]
[EventRounds "7"]
[EventCountry "DEN"]
[SourceTitle "Live v. Freja Gronnemose"]

1. c4 e5 2. Nc3 Nf6 3. Nf3 Nc6 4. e4 d6 5. d4 exd4 
6. Nxd4 Bd7 7. Be2 g6 8. Bg5 Bg7 9. O-O Qc8 10. Ndb5 10... 
O-O 11. Bxf6 Bxf6 12. Nd5 Bd8 13. f4 a6 14. Nbc3 f5 15. Kh1 
fxe4 16. Nxe4 Bf5 17. Bf3 Qd7 18. g4 Bxe4 19. Bxe4 Ne7 20. f5 
20... gxf5 21. gxf5 Nxd5 22. Qxd5+ Kh8 23. Qxb7 Bf6 24. Bc6 Qf7 25. 
Qxa8 Rxa8 26. Bxa8 Qxc4 27. Rac1 Qd3 28. Bg2 Qd2 29. Rxc7 a5 30. 
Rg1 30... Be5 31. f6 h5 32. Rc8+ Kh7 33. Be4+ Kh6 34. Rh8# 1-0

[Event "Oebro CXU Nytaar 2023"]
[Site "Copenhagen"]
[Date "2023.12.27"]
[Round "1"]
[Board "8"]
[White "Ramsdal, Mikkel"]
[Black "Nilssen, Ellen Fredericia"]
[Result "0-1"]
[WhiteElo "1800"]
[BlackElo "2193"]
[PlyCount "80"]
[EventDate "2023.12.27"]
[EventType "swiss"]
[EventRounds "7"]
[EventCountry "DEN"]
[SourceTitle "Live v. Freja Gronnemose"]

1. d4 Nf6 2. e3 e6 3. Bd3 b6 4. Nf3 Bb7 5. Nbd2 c5 
6. O-O Nc6 7. c3 d5 8. Ne5 Nxe5 9. dxe5 Nd7 10. f4 10... 
g6 11. b3 Bg7 12. Bb2 O-O 13. e4 c4 14. bxc4 Nc5 15. Qc2 
Nxd3 16. Qxd3 dxe4 17. Qd4 f5 18. exf6 Bxf6 19. Qe3 Qd3 20. Rae1 
20... Qc2 21. Ba3 Bxc3 22. Nxe4 Bxe1 23. Rxe1 Bxe4 24. Re2 Qb1+ 25. 
Re1 Qxa2 26. Re2 Qxc4 27. Bxf8 Kxf8 28. Qxe4 Qxe4 29. Rxe4 Ke7 30. 
Kf2 30... a5 31. Re2 a4 32. Ke3 b5 33. Kd3 b4 34. Kc2 Rc8+ 
35. Kb2 Rc3 36. Re4 a3+ 37. Kb1 b3 38. Ra4 b2 39. Ka2 Rc1 
40. Rb4 40... Ra1+ 0-1

[Event "Oebro CXU Nytaar 2023"]
[Site "Copenhagen"]
[Date "2023.12.27"]
[Round "1"]
[Board "9"]
[White "Moller, Arne Vagn"]
[Black "Thorsbro, Peter"]
[Result "0-1"]
[WhiteElo "1780"]
[BlackElo "2180"]
[PlyCount "70"]
[EventDate "2023.12.27"]
[EventType "swiss"]
[EventRounds "7"]
[EventCountry "DEN"]
[SourceTitle "Live v. Freja Gronnemose"]

1. e4 e5 2. Nf3 Nc6 3. Bb5 a6 4. Ba4 Nf6 5. O-O b5 
6. Bb3 Be7 7. Re1 O-O 8. c3 d6 9. h3 Bb7 10. d3 10... 
Nb8 11. Nbd2 Nbd7 12. Nf1 c5 13. Ng3 Rc8 14. a4 c4 15. Bc2 
cxd3 16. Bxd3 bxa4 17. Rxa4 Nc5 18. Ra1 d5 19. Bc2 dxe4 20. Qxd8 
20... Rfxd8 21. Nxe5 Bd6 22. Nc4 Bxg3 23. fxg3 Nd3 24. Bxd3 exd3 25. 
b3 Rxc4 26. bxc4 d2 27. Bxd2 Rxd2 28. Re7 Rxg2+ 29. Kf1 Rb2 30. 
Rd1 30... g6 31. Ke1 Bf3 32. Rd6 Ne4 33. Rxe4 Bxe4 34. Rxa6 Bd3 
35. Ra4 Re2+ 0-1

[Event "Oebro CXU Nytaar 2023"]
[Site "Copenhagen"]
[Date "2023.12.27"]
[Round "1"]
[Board "10"]
[White "Gregor, Bjarke"]
[Black "Kokholm, Daniel"]
[Result "1-0"]
[WhiteElo "2172"]
[BlackElo "1762"]
[PlyCount "75"]
[EventDate "2023.12.27"]
[EventType "swiss"]
[EventRounds "7"]
[EventCountry "DEN"]
[SourceTitle "Live v. Freja Gronnemose"]

1. e4 d6 2. d4 Nf6 3. Nc3 e5 4. Nf3 Nbd7 5. Rg1 g6 
6. g4 Bg7 7. dxe5 dxe5 8. Bc4 O-O 9. Ng5 Qe7 10. Qe2 10... 
Nb6 11. Bb3 h6 12. Nxf7 Rxf7 13. Bxf7+ Qxf7 14. g5 hxg5 15. Bxg5 
Nh7 16. Be3 Be6 17. O-O-O c6 18. Kb1 Nd7 19. Rg3 b5 20. Rdg1 
20... Nhf8 21. a4 b4 22. Nd1 a5 23. h4 Nf6 24. Bg5 Bc4 25. 
Qe3 Nh5 26. Rf3 Qd7 27. b3 Be6 28. Qe1 Qc7 29. Nb2 Bf7 30. 
Nd3 30... Ne6 31. Be3 c5 32. Nb2 Nd4 33. Bxd4 cxd4 34. Qe2 Nf4 
35. Qb5 Ne2 36. Qxe2 Rc8 37. Nc4 Bxc4 38. Qxc4+ 1-0

[Event "Oebro CXU Nytaar 2023"]
[Site "Copenhagen"]
[Date "2023.12.27"]
[Round "1"]
[Board "11"]
[White "Derlich, Sarah Sima"]
[Black "Hansen, Soren Bech"]
[Result "0-1"]
[WhiteElo "1749"]
[BlackElo "2170"]
[PlyCount "108"]
[EventDate "2023.12.27"]
[EventType "swiss"]
[EventRounds "7"]
[EventCountry "DEN"]
[SourceTitle "Live v. Freja Gronnemose"]

1. e4 c5 2. Nf3 Nc6 3. Bb5 g6 4. c3 Nf6 5. Qe2 Bg7 
6. O-O O-O 7. d4 cxd4 8. cxd4 d5 9. e5 Ne4 10. Nc3 10... 
Nxc3 11. bxc3 Qa5 12. Bd2 Bg4 13. Bxc6 bxc6 14. h3 Bxf3 15. Qxf3 
Rab8 16. a4 Rb2 17. Bg5 Qc7 18. Qg4 e6 19. Qh4 Rfb8 20. Be7 
20... Bf8 21. Bxf8 Rxf8 22. Qg5 Rfb8 23. Qe3 Qe7 24. Qd3 c5 25. 
Rfb1 c4 26. Rxb2 Rxb2 27. Qf3 a5 28. Qf4 Kg7 29. Qc1 Rb3 30. 
Rb1 30... Qa3 31. Qxa3 Rxa3 32. Rc1 Rxa4 33. Kh2 Ra3 34. Kg3 a4 
35. Kf3 Rb3 36. Kg3 a3 37. f3 a2 38. Ra1 Rxc3 39. Rxa2 Rd3 
40. Kf2 40... Rxd4 41. Ke2 Rd3 42. Rc2 h5 43. h4 f6 44. exf6+ 
Kxf6 45. Rc1 Ke5 46. g3 Ra3 47. Rc2 Kd4 48. Rd2+ Kc3 49. Rd1 
d4 50. Rc1+ 50... Kb4 51. Rb1+ Rb3 52. Rd1 Rb2+ 53. Kf1 Kc3 54. 
Rc1+ Kd3 0-1

[Event "Oebro CXU Nytaar 2023"]
[Site "Copenhagen"]
[Date "2023.12.27"]
[Round "1"]
[Board "12"]
[White "Porte, Henrik"]
[Black "Vehl, Tina"]
[Result "1-0"]
[WhiteElo "2153"]
[BlackElo "1728"]
[PlyCount "77"]
[EventDate "2023.12.27"]
[EventType "swiss"]
[EventRounds "7"]
[EventCountry "DEN"]
[SourceTitle "Live v. Freja Gronnemose"]

1. d4 d5 2. c4 dxc4 3. Nf3 Nf6 4. e3 e6 5. Bxc4 c5 
6. O-O a6 7. Qe2 b5 8. Bb3 Bb7 9. Rd1 Nbd7 10. Nc3 10... 
Qb8 11. e4 cxd4 12. Nxd4 Bd6 13. a3 Bxh2+ 14. Kh1 Bd6 15. Nf3 
Bf4 16. Rd4 Bxc1 17. Rxc1 Ne5 18. Nxb5 axb5 19. Qxb5+ Ned7 20. Ba4 
20... O-O 21. e5 Nxe5 22. Qxe5 Bxf3 23. Qxb8 Bxg2+ 24. Kxg2 Rfxb8 25. 
Bc6 Ra5 26. a4 Rg5+ 27. Kf1 Nd5 28. Rcc4 Rf5 29. Ke1 Re5+ 30. 
Kd1 30... h5 31. b4 Rf5 32. Ke2 Nf6 33. a5 e5 34. Rd2 e4 
35. a6 Ng4 36. a7 Rxf2+ 37. Ke1 Rf8 38. Rxf2 Nxf2 39. Kxf2 1-0

[Event "Oebro CXU Nytaar 2023"]
[Site "Copenhagen"]
[Date "2023.12.27"]
[Round "1"]
[Board "13"]
[White "Slavensky, Asbjorn Vesterkaer"]
[Black "Jarlskov, Daniel Tuk Hartso"]
[Result "0-1"]
[WhiteElo "1722"]
[BlackElo "2135"]
[PlyCount "128"]
[EventDate "2023.12.27"]
[EventType "swiss"]
[EventRounds "7"]
[EventCountry "DEN"]
[SourceTitle "Live v. Freja Gronnemose"]

1. d4 d5 2. c4 e6 3. Nf3 Nf6 4. g3 Be7 5. Bg2 O-O 
6. O-O dxc4 7. Na3 Bxa3 8. bxa3 Nc6 9. Qc2 Nxd4 10. Nxd4 10... 
Qxd4 11. Be3 Qe5 12. Qxc4 c6 13. Rfd1 Nd5 14. Bd4 Qc7 15. Bc5 
Rd8 16. Qh4 b6 17. Bd4 Bb7 18. e4 Ne7 19. Be5 Qxe5 20. Qxe7 
20... Rdb8 21. Rac1 Qf6 22. Qxf6 gxf6 23. Rd7 c5 24. Rcd1 Bc6 25. 
Rc7 Rc8 26. Rxc6 Rxc6 27. e5 Rac8 28. Bxc6 Rxc6 29. exf6 h6 30. 
f4 30... Kh7 31. Kf2 Kg6 32. Ke3 b5 33. Rc1 Kxf6 34. Ke4 Ra6 
35. Rxc5 Ra4+ 36. Kf3 Rxa3+ 37. Kg4 b4 38. Rc4 a5 39. Rc2 Kg6 
40. Rb2 40... Rc3 41. Kh4 Re3 42. Kg4 f5+ 43. Kh4 e5 44. fxe5 
Re4+ 45. Kh3 Rxe5 46. Kg2 Re3 47. Kf2 Rc3 48. Kg2 Kf6 49. Re2 
a4 50. Rb2 50... b3 51. axb3 axb3 52. Kh3 Kg5 53. Rb1 h5 54. 
Kg2 h4 55. Rf1 hxg3 56. hxg3 b2 57. Rb1 Rc2+ 58. Kf3 Rc3+ 59. 
Kf2 Rb3 60. Kg2 60... Kg4 61. Kf2 Rf3+ 62. Ke1 Re3+ 63. Kf2 Rb3 
64. Ke2 Rxg3 0-1

[Event "Oebro CXU Nytaar 2023"]
[Site "Copenhagen"]
[Date "2023.12.27"]
[Round "1"]
[Board "14"]
[White "Skou, Niels"]
[Black "Taskiran, Erol"]
[Result "1-0"]
[WhiteElo "2115"]
[BlackElo "1714"]
[PlyCount "83"]
[EventDate "2023.12.27"]
[EventType "swiss"]
[EventRounds "7"]
[EventCountry "DEN"]
[SourceTitle "Live v. Freja Gronnemose"]

1. d4 d5 2. c4 c6 3. cxd5 cxd5 4. Bf4 Nf6 5. Nc3 e6 
6. e3 Qa5 7. Bd3 Be7 8. h3 Nc6 9. Nf3 Nb4 10. Bb1 10... 
Qa6 11. a3 Bd7 12. Ne5 Rc8 13. f3 Nh5 14. Bh2 Bh4+ 15. Kd2 
Ng3 16. Rg1 Nc6 17. Nxd7 Kxd7 18. Bd3 Qb6 19. Rb1 f5 20. Na4 
20... Qc7 21. Nc5+ Ke7 22. Qb3 b6 23. Na6 Qd6 24. Nb4 Na5 25. 
Qa4 Rc7 26. b3 Rhc8 27. Ba6 Rf8 28. Nd3 Ne4+ 29. fxe4 Qxh2 30. 
exd5 30... exd5 31. Nf4 Bf2 32. Nxd5+ Kf7 33. Nxc7 Bxg1 34. Qd7+ Kg6 
35. Ne6 Qxg2+ 36. Kc3 Rf7 37. Nf4+ Kh6 38. Qe6+ Rf6 39. Qxf6+ gxf6 
40. Nxg2 40... Bh2 41. d5 Be5+ 42. Kd3 1-0

[Event "Oebro CXU Nytaar 2023"]
[Site "Copenhagen"]
[Date "2023.12.27"]
[Round "1"]
[Board "15"]
[White "Ramsdal, Lasse Andreas"]
[Black "Lauritsen, Martin Lee"]
[Result "0-1"]
[WhiteElo "1688"]
[BlackElo "2112"]
[PlyCount "60"]
[EventDate "2023.12.27"]
[EventType "swiss"]
[EventRounds "7"]
[EventCountry "DEN"]
[SourceTitle "Live v. Freja Gronnemose"]

1. d4 c5 2. Nf3 cxd4 3. Nxd4 a6 4. g3 e5 5. Nb3 d5 
6. Bg2 Be6 7. O-O Nc6 8. Nc3 d4 9. Na4 Nf6 10. Bg5 10... 
Be7 11. Nbc5 Bxc5 12. Nxc5 Qe7 13. Bxf6 gxf6 14. Nxe6 Qxe6 15. Qd3 
f5 16. Bh3 e4 17. Qb3 O-O-O 18. f3 e3 19. f4 Kc7 20. Rfd1 
20... h5 21. Qxe6 fxe6 22. Bg2 h4 23. Bxc6 bxc6 24. Rd3 c5 25. 
Rad1 hxg3 26. hxg3 Rh3 27. Kg2 Rdh8 28. Rg1 Rh2+ 29. Kf1 Rf2+ 30. 
Ke1 30... Rhh2 0-1

[Event "Oebro CXU Nytaar 2023"]
[Site "Copenhagen"]
[Date "2023.12.27"]
[Round "1"]
[Board "16"]
[White "Thuesen, Mogens Henrik"]
[Black "Peitersen, Andreas"]
[Result "1-0"]
[WhiteElo "2036"]
[BlackElo "1687"]
[PlyCount "69"]
[EventDate "2023.12.27"]
[EventType "swiss"]
[EventRounds "7"]
[EventCountry "DEN"]
[SourceTitle "Live v. Freja Gronnemose"]

1. d4 Nf6 2. c4 e6 3. Nf3 d5 4. g3 Be7 5. Bg2 Nbd7 
6. O-O O-O 7. Qc2 b6 8. Nc3 Bb7 9. Rd1 Rc8 10. cxd5 10... 
exd5 11. Ne5 c5 12. Nxd7 Qxd7 13. dxc5 Bxc5 14. Qa4 Bc6 15. Qh4 
Qf5 16. Be3 Bxe3 17. fxe3 Qe6 18. Rd3 Rce8 19. Rad1 Re7 20. Qf4 
20... Rfe8 21. Bf3 h6 22. a3 Qe5 23. Kf2 a5 24. Qd4 Qxd4 25. 
exd4 a4 26. e3 Kh7 27. Re1 Kg6 28. Bd1 h5 29. Bxa4 Bxa4 30. 
Nxa4 30... Ng4+ 31. Kg1 Nxe3 32. Nxb6 Ng4 33. Rxe7 Rxe7 34. Rd2 Re1+ 
35. Kg2 1-0

[Event "Oebro CXU Nytaar 2023"]
[Site "Copenhagen"]
[Date "2023.12.27"]
[Round "1"]
[Board "17"]
[White "Sorensen, Peter"]
[Black "Moe, Mogens"]
[Result "1-0"]
[WhiteElo "1664"]
[BlackElo "2063"]
[PlyCount "119"]
[EventDate "2023.12.27"]
[EventType "swiss"]
[EventRounds "7"]
[EventCountry "DEN"]
[SourceTitle "Live v. Freja Gronnemose"]

1. d4 Nf6 2. Nf3 g6 3. g3 Bg7 4. Bg2 O-O 5. O-O c5 
6. e3 Qb6 7. b3 d5 8. Nbd2 Bf5 9. c4 Bd3 10. Re1 10... 
Ne4 11. Bb2 dxc4 12. Nxe4 Bxe4 13. dxc5 Qxc5 14. Bxg7 Kxg7 15. Rc1 
Nc6 16. Rxc4 Qd5 17. Qa1+ Kg8 18. Rd1 Qf5 19. Nh4 Qh5 20. Rxe4 
20... Rad8 21. Nf3 Qa5 22. Ra4 Qb5 23. Nd4 Qb6 24. Nxc6 bxc6 25. 
Rad4 Rc8 26. Rd7 e6 27. Qd4 c5 28. Qa4 Rc7 29. Rxc7 Qxc7 30. 
Qc4 30... a5 31. Rc1 Rc8 32. a3 Qe5 33. b4 Qb2 34. Qc3 Qxc3 
35. Rxc3 axb4 36. axb4 c4 37. Bf1 Kf8 38. Rxc4 Rb8 39. b5 Rb7 
40. Rb4 40... Rb6 41. f4 Ke7 42. Kf2 h5 43. Ke2 f6 44. Kd3 
Kd6 45. Kc4 e5 46. Ra4 exf4 47. exf4 Rb8 48. Ra6+ Ke7 49. Bg2 
g5 50. f5 50... h4 51. Kc5 hxg3 52. hxg3 Rc8+ 53. Rc6 Rd8 54. 
b6 Rd2 55. Bd5 Rc2+ 56. Kb5 Rb2+ 57. Ka6 Rb1 58. b7 Ra1+ 59. 
Kb6 Rb1+ 60. Kc7 1-0

[Event "Oebro CXU Nytaar 2023"]
[Site "Copenhagen"]
[Date "2023.12.27"]
[Round "1"]
[Board "18"]
[White "Kakulidis, Ellen"]
[Black "Sandbech, Ted Henrik"]
[Result "1-0"]
[WhiteElo "2054"]
[BlackElo "1656"]
[PlyCount "55"]
[EventDate "2023.12.27"]
[EventType "swiss"]
[EventRounds "7"]
[EventCountry "DEN"]
[SourceTitle "Live v. Freja Gronnemose"]

1. d4 d5 2. c4 c6 3. cxd5 cxd5 4. Bf4 Nc6 5. Nc3 Nf6 
6. Nf3 Bf5 7. Ne5 e6 8. e3 a6 9. Qb3 Qc8 10. Nxc6 10... 
Qxc6 11. Be2 Be7 12. O-O O-O 13. Rfc1 Qd7 14. Na4 Rac8 15. Nb6 
Rxc1+ 16. Rxc1 Qe8 17. Rc8 Bd8 18. Bd6 Nd7 19. Na8 f6 20. Bxf8 
20... Nxf8 21. Qxb7 Qe7 22. Qxe7 Bxe7 23. Bxa6 e5 24. Rc1 e4 25. 
Nc7 Be6 26. Nxe6 Nxe6 27. Bc8 Kf7 28. Bb7 1-0

[Event "Oebro CXU Nytaar 2023"]
[Site "Copenhagen"]
[Date "2023.12.27"]
[Round "1"]
[Board "19"]
[White "Gronnemose, Freja Egelund"]
[Black "Ertbjerg, Andreas Lund"]
[Result "0-1"]
[WhiteElo "1644"]
[BlackElo "2020"]
[PlyCount "74"]
[EventDate "2023.12.27"]
[EventType "swiss"]
[EventRounds "7"]
[EventCountry "DEN"]
[SourceTitle "Live v. Freja Gronnemose"]

1. e4 e6 2. c4 c5 3. d4 cxd4 4. Nf3 e5 5. Nbd2 Nc6 
6. Bd3 Nf6 7. O-O d6 8. Ne1 Be7 9. f4 Qc7 10. Rb1 10... 
Be6 11. f5 Bd7 12. b4 g6 13. b5 Na5 14. Nc2 gxf5 15. exf5 
d5 16. cxd5 Nxd5 17. Qf3 Nc3 18. Rb2 O-O-O 19. Nb4 Bxb4 20. Rxb4 
20... Kb8 21. Ba3 b6 22. Ne4 Bc8 23. Bb2 Bb7 24. Bxc3 dxc3 25. 
Qe2 Rd4 26. Rxd4 exd4 27. Nf6 Qd6 28. Ne8 Qd5 29. Rf2 Bc8 30. 
Nf6 30... Qd6 31. Ne8 Qd5 32. Nf6 Qd8 33. Qe5+ Qc7 34. Qxd4 Rd8 
35. Qe3 Qd6 36. Ng4 Qxd3 37. Qxd3 Rxd3 0-1

[Event "Oebro CXU Nytaar 2023"]
[Site "Copenhagen"]
[Date "2023.12.27"]
[Round "1"]
[Board "20"]
[White "Brondal, Paul"]
[Black "Vinther, Christoffer"]
[Result "1-0"]
[WhiteElo "1981"]
[BlackElo "1585"]
[PlyCount "81"]
[EventDate "2023.12.27"]
[EventType "swiss"]
[EventRounds "7"]
[EventCountry "DEN"]
[SourceTitle "Live v. Freja Gronnemose"]

1. c4 Nf6 2. Nf3 d6 3. d4 Nbd7 4. Nc3 g6 5. e4 c5 
6. Be2 Bg7 7. O-O O-O 8. Re1 b6 9. Bf1 Qc7 10. e5 10... 
dxe5 11. dxe5 Ng4 12. Nd5 Qd8 13. Bf4 Bb7 14. Qd2 Bxd5 15. cxd5 
f6 16. e6 Nde5 17. Nxe5 Nxe5 18. Rad1 Qd6 19. Bb5 Rfd8 20. Bg3 
20... c4 21. Bxe5 fxe5 22. Bxc4 Rf8 23. Bb3 Rad8 24. Qe2 Rc8 25. 
Ba4 Rf4 26. Bc6 Rcf8 27. Rf1 Qc5 28. Rc1 Qb4 29. a3 Qd6 30. 
Rc4 30... Rxc4 31. Qxc4 e4 32. b4 Be5 33. g3 Bb2 34. Qb3 Be5 
35. Qc4 Rf3 36. Qxe4 Rxa3 37. f4 Bf6 38. Rc1 Rb3 39. Rc4 Bc3 
40. Qd3 40... Rxb4 41. Qxc3 1-0

[Event "Oebro CXU Nytaar 2023"]
[Site "Copenhagen"]
[Date "2023.12.27"]
[Round "2"]
[Board "1"]
[White "Hector, Jonny"]
[Black "Skou, Niels"]
[Result "1-0"]
[WhiteElo "2444"]
[BlackElo "2115"]
[PlyCount "63"]
[EventDate "2023.12.27"]
[EventType "swiss"]
[EventRounds "7"]
[EventCountry "DEN"]
[SourceTitle "Live v. Freja Gronnemose"]

1. e4 e5 2. Nf3 Nc6 3. d4 exd4 4. Nxd4 Bc5 5. Be3 Qf6 
6. c3 Nge7 7. Bc4 Ne5 8. Be2 Qg6 9. O-O d6 10. f4 10... 
Qxe4 11. Bf2 Bxd4 12. cxd4 N5g6 13. Nc3 Qxf4 14. Nb5 O-O 15. Nxc7 
Rb8 16. d5 Qg5 17. Bxa7 Bh3 18. Bf3 Rbd8 19. Qc1 Qxc1 20. Rfxc1 
20... Bd7 21. Rc3 Rc8 22. Rd1 Ne5 23. Be2 Nf5 24. Rdc1 g5 25. 
h3 h6 26. Bf2 Kh7 27. Rb3 Bc6 28. dxc6 Rxc7 29. Rxb7 Rfc8 30. 
Rxc7 30... Rxc7 31. Bb6 Ng3 32. Bb5 1-0

[Event "Oebro CXU Nytaar 2023"]
[Site "Copenhagen"]
[Date "2023.12.27"]
[Round "2"]
[Board "2"]
[White "Jarlskov, Daniel Tuk Hartso"]
[Black "Ramsdal, Jens Albert"]
[Result "0-1"]
[WhiteElo "2135"]
[BlackElo "2413"]
[PlyCount "120"]
[EventDate "2023.12.27"]
[EventType "swiss"]
[EventRounds "7"]
[EventCountry "DEN"]
[SourceTitle "Live v. Freja Gronnemose"]

1. d4 d5 2. c4 c6 3. Nf3 Nf6 4. g3 Bf5 5. Bg2 e6 
6. O-O Be7 7. Nc3 h6 8. Re1 O-O 9. Qb3 Qb6 10. Bf4 10... 
Nbd7 11. c5 Qxb3 12. axb3 g5 13. Bc1 Ne4 14. Nd2 Nxd2 15. Bxd2 
Bf6 16. e3 a6 17. Nb1 Rae8 18. Bc3 e5 19. Nd2 e4 20. Ba5 
20... Re7 21. h3 Rc8 22. Kf1 Nf8 23. Ke2 Ne6 24. Bc3 Bg7 25. 
Rh1 Bg6 26. Rag1 f5 27. h4 Rb8 28. hxg5 hxg5 29. b4 Bf8 30. 
Nb3 30... Rc8 31. Kd2 Rcc7 32. Bf1 Rh7 33. Be2 Rcf7 34. Nc1 Be7 
35. Kd1 Bd8 36. Be1 Rxh1 37. Rxh1 Rh7 38. Rxh7 Kxh7 39. Nb3 Kh6 
40. Na5 40... Bxa5 41. bxa5 Bh5 42. g4 Bxg4 43. Bxg4 fxg4 44. Ke2 
Ng7 45. Kf1 Nf5 46. Kg2 Kh5 47. b3 g3 48. Kh3 gxf2 49. Bxf2 
g4+ 50. Kg2 50... g3 51. Bxg3 Nxe3+ 52. Kf2 Nc2 53. Be5 Na1 54. 
b4 Nc2 55. Ke2 Nxb4 56. Kd2 Kg4 57. Kc3 Nd3 58. Bg7 Kf3 59. 
Bh6 Ne1 60. Kd2 60... Ng2 0-1